| 000 | 00491nam a22001817a 4500 | ||
|---|---|---|---|
| 005 | 20251108164031.0 | ||
| 008 | 250721s1998 xx 000 0 ara d | ||
| 082 | 1 | 4 | _a216,51/روا |
| 100 | 1 | _aالرواجبة، عايدة | |
| 245 | 1 | 0 | _aسر الحياة الزوجية السعيدة / |
| 264 |
_bدار ميرزا، _c1998. |
||
| 300 | _a112ص. | ||
| 650 | 1 | 7 | _aالفقه الإسلامي |
| 650 | 1 | 7 | _aالزواج |
| 650 | 1 | 7 | _aالأسرة |
| 942 |
_2ddc _cBK |
||
| 999 |
_c1931 _d1931 |
||